00695naa a22001457i 45000010005000000030009000050050017000140080041000310400029000721000138001012450170002397730112004099420013005219990015005349389KOSZ 00520180502144253.0180327s1999 pl ||||f |||| 00| 0 pol d a005 KOSZ/ARc005 KOSZ/AR1 aŻUREK-PYSZ, Urszula.bPolitechnika Koszalińska - Wydział Budownictwa i Inżynierii Środowiska,cKatedra Geotechnikid1996 - .10a8th Congress of the International Association for Engineering Geology and Environment - Vancouver, Kolumbia Brytyjska, Kanada, 21-25.09.1998 /cUrszula Żurek-Pysz. iW :tPrzegląd Geologiczny. -dWarszawa : Wydawnictwa Geologiczne. -g1999, R. 47, nr 5, s. 402x0033-2151 2UKDcART c9389d9389